| 000 | 01129nam a22003137a 4500 | ||
|---|---|---|---|
| 001 | 7911 | ||
| 003 | FISKH | ||
| 005 | 20250911100602.0 | ||
| 008 | 250813b cb ||||| |||| 00| 0 eng d | ||
| 020 | _a0590299727 | ||
| 020 | _a9780140505399 | ||
| 040 |
_aFISKH _beng _cFISKH _dFISKH |
||
| 050 | _aPZ7.C783 M | ||
| 082 | _a813.6 | ||
| 100 |
_aCooney, Barbara _d(1917–2000) |
||
| 245 |
_aMiss Rumphius / _cStory and Pictures by Barbara Cooney |
||
| 250 | _aThis edition first published in 1982 | ||
| 260 |
_aNew York : _bScholastic, _c1982 |
||
| 300 |
_a28 unnumbered pages : _bcolor illustrations ; _c21 x 26 cm |
||
| 505 | _aR | ||
| 520 | _aAs a child Great-aunt Alice Rumphius resolved that when she grew up she would go to faraway places, live by the sea in her old age, and do something to make the world more beautiful--and she does all those things, the last being the most difficult of all. | ||
| 521 | 8 |
_a680
_bLexile |
|
| 521 | 8 |
_aR
_bRaz-Plus |
|
| 650 |
_2Picture book _aFlowers |
||
| 650 |
_2Painting _aTravel |
||
| 700 |
_aCooney, Barbara _dillustrator |
||
| 942 |
_2ddc _cBK _n0 |
||
| 999 |
_c7911 _d7911 |
||